000 00976nam a22002177a 4500
999 _c1784
_d1784
003 AR-CdUCM
008 190227b ||||| |||| 00| 0 spa d
040 _aMUNICIPALIDAD PROVINCIAL DEL CUSCO
_cBIBLIOTECA MUNICIPAL DEL CUSCO
082 _a340.7 /
_bAL43
100 _aAllorio, Enrico
_96549
245 _aEl ordenamiento jurídico en el prisma de la declaración jurídica /
260 _aBuenos Aires :
_bEdiciones jurídicas Europa-America;
_c1958.
300 _a251 paginas ;
_c15 cm.
505 _aLa pluralidad de los ordenamientos jurídicos y la declaración jurídica -- Sobre la norma jurídica como juicio -- Los estados como objeto de la declaración jurídica -- Derechos reales de garantía o poderes procesales de prelacion ...
650 _aNoción del derecho
_96550
650 _aConcepto de poder
_96551
650 _aDerecho subjetivo
_96552
700 _aSentis Melendo, Santiago (traducido)
_96553
942 _2ddc
_cLIBROS
945 _arum
_d2019-02-27